| 000 | 01130nam a22002537a 4500 | ||
|---|---|---|---|
| 001 | 80913 | ||
| 003 | BD-RjUL | ||
| 005 | 20221206174103.0 | ||
| 008 | 221206s1998 bg a|||| m||| 00| 0 eng d | ||
| 035 | _a(BD-RjUL)80913 | ||
| 040 |
_aBD-RjUL _beng _cBD-RjUL _dBD-RjUL |
||
| 041 | _aeng | ||
| 082 |
_223 _a661.25 _bISI 1998 |
||
| 100 |
_aIslam, Md. Nazrul _93421 |
||
| 245 | 1 | 0 |
_aAn Investigation on some physico-chemical properties of DI (2-Ethyl Hexyl) Phosphoric Acid and their correlations with metal ion extraction characteristics / _cMd. Nazrul Islam ; _6Supervisor : R. K. Biswas, Co-Supervisor : M.R. Zaman, |
| 260 |
_aRajshahi : _bDepartment of Applied Chemistry and Chemical Technology, University of Rajshahi, _c1998 |
||
| 300 |
_a[8], 232 leaves : _bill, ; _c29.cm. |
||
| 502 | _aThesis (Ph. D.) -- Department of Applied Chemistry and Chemical Technology, University of Rajshahi, 1998 | ||
| 504 | _aReferences ; Leaves 171 -187 | ||
| 650 |
_aPhosphoric Acid _vTechnology of industrial chemicals _96196 |
||
| 700 |
_aBiswas, R. K. Supervisor _96197 |
||
| 700 |
_aZaman, M.R. Co-Supervisor : _96198 |
||
| 942 |
_2ddc _cTHE |
||
| 999 |
_c80913 _d80913 |
||